000 00625nam a2200193Ii 4500
003 JO-AjNU
008 230605s9999||||xx |||||||||||||| ||und||
040 _aJO-AjNU
_bara
_erda
_cJO-AjNU
041 _aara
050 1 4 _aPJ7862.H68.Z78 1999
100 3 _aإعداد ناصيف،إميل,
_eauthor
_924121
245 0 0 _aمن أروع ما قال عمر وجميل والمجنون ونزار
264 3 1 _aبيروت: دار الجيل، 1900
300 _a136ص
336 _atext
_btxt
_2rdacontent
337 _aunmediated
_bn
_2rdamedia
338 _avolume
_bnc
_2rdacarrier
650 4 _aالشعر العربي
_924122
999 _aA8832
_c12400
_d12400